00411 2200169 4500001002100000005001500021008004100036020001800077035001900095082001000114090001600124100002200140245001600162250000600178260003300184300002400217INLIS00000000000873220241224113711241224||||||||| | ||| |||| ||  a979-421-261-x 0010-12240087320 a297.4 a297.4 MOH h0 aMohammad Daud Ali00aHukum Islam a6 aJakartabRajawali Persc2012 axx, 370 hlm.; 21 cm